[Event "Arab Cities"]
[Site "Hammamet"]
[Date "2019.02.25"]
[Round "7.1"]
[White "Bengherabi, Khalil"]
[Black "Alazabe, Aribi"]
[Result "1-0"]
[WhiteElo "2123"]
[BlackElo "1826"]
[PlyCount "45"]
[EventDate "2019.02.21"]
[EventType "team-swiss"]
[EventRounds "7"]
[EventCountry "TUN"]
[SourceTitle "CBM 189 Extra"]
[Source "ChessBase"]
[SourceDate "2019.06.03"]
[SourceVersion "1"]
[SourceVersionDate "2019.06.03"]
[SourceQuality "1"]
[WhiteTeam "Alger"]
[BlackTeam "Mosrata"]
[WhiteTeamCountry "ALG"]
[BlackTeamCountry "LBY"]

1. e4 e5 2. Nf3 Nc6 3. d4 exd4 4. Nxd4 Nf6 5. Nc3 Bb4 6. Nxc6 bxc6 7. Bd3 0-0 8. 0-0 d6 9. Bg5 h6 10. Bh4 Re8 11. f4 Qd7 12. Bxf6 gxf6 13. Qh5 Kf8 14. Qxh6+ Ke7 15. e5 dxe5 16. fxe5 Qd4+ 17. Kh1 Be6 18. Qxf6+ Kd7 19. Rad1 Bd6 20. Bf5 Qc4 21. exd6 cxd6 22. Ne4 Rad8 23. Nxd6 1-0